MARC

LEADER 00000nrm a22000007a 4500
001 27238
003 Arxiu
005 20260324181149.0
008 230110b spa||||| |||| 00| 0 cat d
017 |a B 22439-2018 
040 |a agdb  |b cat 
245 |a El club del llibre :   |b Manuel de Pedrolo 
260 |a Barcelona :   |b Xarxa de Biblioteques Municipals ;   |c 2018 
300 |a 1 punt de llibre ;   |b il. col. ;   |c 23 x 6 cm. 
500 |a Punt de llibre de l'acte de commemoració en motiu del centenari del naixement de l'autor Manuel de Pedrolo, realitzat el dia 29 de novembre de 2018 al Teatre Monumental de Mataró. 
610 1 0 |9 52699  |a Barcelona (Catalunya : Província).  |b Xarxa de Biblioteques Municipals  |x Activitats culturals 
610 0 |9 52651  |a El Club del Llibre 
655 0 |9 52700  |a Punts de llibre  
710 1 |9 52650  |a Barcelona (Catalunya : Província).  |b Xarxa de Biblioteques Municipals 
942 |2 udc  |c ARXIU  |n 1 
952 |0 0  |1 0  |2 udc  |4 0  |6 NBM16158  |7 1  |9 64980  |a Arxiu  |b Arxiu  |d 2023-01-10  |l 0  |o NBM-16-158  |p 27238  |r 2023-01-10 00:00:00  |w 2023-01-10  |y ARXIU 
999 |c 82939  |d 82939